01268nam a2200265 a 450000100100000000500170001000800410002702000180006804000260008610000310011224501200014326000720026330000210033549000910035649000250044750400730047250400320054550000760057770000380065371000610069183000960075283000320084895201050088099900170098500004326620250909091242.0140303s2010 sp 000 0 spa d a9788483471197 aDO-SdBNPbspiacBNPHU1 aRubio, José Luis.97088110aJosé Luis Rubio Cordón /cJosé Luis Rubio ; edición, selección e introducción por Juan Maestre Alfonso. aMadrid :bAgencia Española de Cooperación Internacional,c2010. a186 p. ;c24 cm.1 aAntología del pensamiento político, social y económico de América latina ;v131 aCiencias y humanismo aIncluye referencias bibliográficas y notas al pie de las páginas aBibliografía : p. 185-186 aIncluye datos biográficos de los editores en al solapa de la cubierta1 aMaestre Alfonso, Juaneed.9677632 aAgencia Española de Cooperación Internacional934585 0aAntología del pensamiento político, social y económico de América Latinav13970880 0aCiencias y humanismo970218 001050718MOaGRbGRcCTd2014-03-03iLF1l0o p43266-10r2020-06-25w2020-06-25y1ZNo se presta c42755d42755